| 000 | 00884cab a2200217 4500 | ||
|---|---|---|---|
| 001 | X3870 | ||
| 008 | 090401t1997 xxu||||| |||| 00| 0 eng d | ||
| 035 | _a(Sirsi) u33479 | ||
| 041 | _aeng | ||
| 245 | _aStirk and others v bridgnorth DC | ||
| 260 | _c1997 | ||
| 350 | _a0 | ||
| 490 |
_aJournal of Planning and Environment Law _v[1997] JPL 51-62(12) |
||
| 520 | _aQBD 10 July 1995. Local plan review - green belt - inquiry into objections - inspectors report and recommendations - Council`s consideratio of that report - whether that consideration adequate - whether Council acted fairly - costs - deduction in costs due to excessive bundle of documents. TAKEN FROM REPORT HEADING. | ||
| 650 | _aGREEN BELT | ||
| 650 | _aLOCAL PLAN REVIEW | ||
| 650 | _aSTIRK AND OTHERS V BRIDGENORTH DC | ||
| 690 | _aPLANNING LAW AND PRACTICE-CASE LAW | ||
| 942 | _n0 | ||
| 948 | _c04/03/1997 | ||
| 999 |
_c22364 _d22364 |
||